000 00241nam a22001097a 4500
082 _a940 ERG'E
100 _aERGANG, ROBERT
_957753
245 _aEUROPE SINCE WATERLOO
260 _aBOSTON
_bD. C. HEATH
_c1954
300 _a836P
942 _cBK
999 _c568015
_d568015